[Event "Karnataka State Open-ch 2018"]
[Site "Bengaluru"]
[Date "2018.04.16"]
[Round "5"]
[White "Thirunarayanan Sampath Kumar"]
[Black "Gahan, M G"]
[Result "0-1"]
[WhiteElo "1729"]
[BlackElo "2281"]
[Annotator "ChessBase"]
[PlyCount "88"]
[EventDate "2018.??.??"]
[EventType "swiss"]
[EventCountry "IND"]
[SourceTitle "playchess.com"]
[Source "ChessBase"]
[SourceQuality "1"]
[TimeControl "5400+30"]

1. e4 {[%emt 0:00:00]} c5 {[%emt 0:11:43]} 2. Nf3 {[%emt 0:00:00]} e6 {[%emt 0:00:04]} 3. d4 {[%emt 0:00:02]} cxd4 {[%emt 0:00:05]} 4. Nxd4 {[%emt 0:00:07]} a6 {[%emt 0:00:02]} 5. Nc3 {[%emt 0:00:25]} Qc7 {[%emt 0:00:09]} 6. a3 {[%emt 0:10:08]} b5 {[%emt 0:00:12]} 7. Be3 {[%emt 0:18:24]} Bb7 {[%emt 0:00:21]} 8. f3 {[%emt 0:05:52]} Nf6 {[%emt 0:00:38]} 9. g4 {[%emt 0:05:07]} h6 {[%emt 0:01:46]} 10. Qe2 {[%emt 0:08:17]} d5 {[%emt 0:03:33]} 11. exd5 {[%emt 0:04:43]} Nxd5 {[%emt 0:01:00]} 12. Nxd5 {[%emt 0:03:16]} Bxd5 {[%emt 0:00:10]} 13. O-O-O {[%emt 0:02:05]} Nc6 {[%emt 0:08:05]} 14. Rg1 {[%emt 0:06:45]} Rd8 {[%emt 0:05:29]} 15. Qf2 {[%emt 0:04:21]} Nxd4 {[%emt 0:02:08]} 16. Bxd4 {[%emt 0:00:28]} Qf4+ {[%emt 0:01:01]} 17. Be3 {[%emt 0:04:00]} Qxf3 {[%emt 0:01:15]} 18. Qe1 {[%emt 0:01:09]} Qf6 {[%emt 0:02:40]} 19. Qa5 {[%emt 0:04:52]} Be7 {[%emt 0:01:06]} 20. Bd3 {[%emt 0:04:28]} Qe5 {[%emt 0:01:47]} 21. Rde1 {[%emt 0:02:38]} Qxh2 {[%emt 0:02:24]} 22. Qxa6 {[%emt 0:01:47]} O-O {[%emt 0:00:50]} 23. Qa7 {[%emt 0:05:18]} Qd6 {[%emt 0:07:31]} 24. Qd4 {[%emt 0:00:36]} Bf6 {[%emt 0:03:27]} 25. Qc5 {[%emt 0:00:29]} Qe5 {[%emt 0:00:55]} 26. Qb4 {[%emt 0:00:24]} Bc4 {[%emt 0:02:59]} 27. Bc5 {[%emt 0:03:54]} Qg5+ {[%emt 0:01:08]} 28. Kb1 {[%emt 0:01:37]} Rfe8 {[%emt 0:00:12]} 29. Be4 {[%emt 0:00:22]} Bd4 {[%emt 0:04:01]} 30. Bxd4 {[%emt 0:00:30]} Rxd4 {[%emt 0:00:05]} 31. Qc3 {[%emt 0:00:37]} Qc5 {[%emt 0:02:49]} 32. Qg3 {[%emt 0:00:28]} Qd6 {[%emt 0:01:57]} 33. Qf3 {[%emt 0:00:16]} Bd5 {[%emt 0:02:41]} 34. g5 {[%emt 0:01:59]} hxg5 {[%emt 0:02:58]} 35. Rxg5 {[%emt 0:01:09]} Bxe4 {[%emt 0:03:39]} 36. Rxe4 {[%emt 0:00:04]} Rxe4 {[%emt 0:02:18]} 37. Qxe4 {[%emt 0:00:01]} e5 {[%emt 0:00:35]} 38. Qh4 {[%emt 0:00:35]} Qf6 {[%emt 0:00:27]} 39. Qg4 {[%emt 0:01:05]} Qf1+ {[%emt 0:00:54]} 40. Ka2 {[%emt 0:00:06]} Qc4+ {[%emt 0:00:04]} 41. Qxc4 {[%emt 0:00:10]} bxc4 {[%emt 0:00:04]} 42. Kb1 {[%emt 0:00:28]} f6 {[%emt 0:01:01]} 43. Rg3 {[%emt 0:00:30]} e4 {[%emt 0:00:31]} 44. b4 {[%emt 0:00:17]} e3 {[%emt 0:00:53]} 0-1

[Event "Karnataka State Open-ch 2018"]
[Site "Bengaluru"]
[Date "2018.04.16"]
[Round "5"]
[White "Keshav Kothari"]
[Black "Yashas, D."]
[Result "0-1"]
[WhiteElo "1715"]
[BlackElo "2243"]
[Annotator "NA"]
[PlyCount "104"]
[EventDate "2018.??.??"]
[EventType "swiss"]
[EventCountry "IND"]
[SourceTitle "playchess.com"]
[Source "ChessBase"]
[SourceQuality "1"]
[TimeControl "5400+30"]

{[%evp 30,90,149,143,151,143,142,138,137,136,154,128,164,140,152,141,124,41,65,29,70,40,45,49,54,-17,0,0,0,0,0,-35,0,-70,-46,-66,-75,-79,-62,-69,-48,-103,-45,-56,-25,-37,-24,-163,-173,-167,-184,-240,-177,-368,-387,-695,-559,-29976,-29976,-12841,-29980,-29978,-29977]} 1. d4 {[%emt 0:00:00]} Nf6 {[%emt 0:00:09]} 2. Nf3 {[%emt 0:00:00]} e6 {[%emt 0:00:08]} 3. c4 {[%emt 0:00:19]} c5 {[%emt 0:00:25]} 4. d5 {[%emt 0:00:13]} exd5 {[%emt 0:00:08]} 5. cxd5 {[%emt 0:00:04]} d6 {[%emt 0:00:17]} 6. Nc3 {[%emt 0:00:09]} g6 {[%emt 0:00:43]} 7. Bf4 {[%emt 0:01:19]} a6 {[%emt 0:00:46]} 8. a4 {[%emt 0:00:14]} Bg7 {[%emt 0:00:08]} 9. h3 {[%emt 0:00:25]} O-O {[%emt 0:00:21]} 10. e3 {[%emt 0:00:30]} Qe7 {[%emt 0:00:19] A61: Modern Benoni: Nf3 without early e4} 11. Be2 {[%emt 0:00:23]} Nbd7 {[%emt 0:00:55]} 12. O-O {[%emt 0:00:25]} Rb8 {[%emt 0:07:35]} 13. Nd2 {[%emt 0:11:45]} Ne5 {[%emt 0:03:45]} 14. Bh2 {[%emt 0:04:29]} Re8 {[%emt 0:02:23]} 15. Kh1 {[%emt 0:05:07] [#]} b6 $146 {[%emt 0:40:45]} ({Predecessor:} 15... g5 16. f4 gxf4 17. exf4 Ng6 18. f5 {1-0 (46) Dothan,Y (2648)-Privara,I (2522) ICCF email 2010}) 16. f4 {[%emt 0:07:14]} Ned7 {[%emt 0:00:02]} 17. e4 $1 {[%emt 0:00:08]} Bb7 {[%emt 0:03:09]} 18. Bd3 {[%emt 0:09:28]} Nh5 {[%emt 0:08:10]} 19. Qf3 {[%emt 0:30:52]} Bd4 {[%emt 0:05:35]} 20. Rae1 {[%emt 0:14:23]} Qf8 {[%emt 0:10:19]} 21. Re2 {[%emt 0:05:38]} Ng7 {[%emt 0:03:42]} 22. Rfe1 {[%emt 0:01:33]} f6 {[%emt 0:02:47]} 23. Bg1 {[%emt 0:01:03]} (23. Nc4 $16) 23... f5 {[%emt 0:02:48]} 24. exf5 {[%emt 0:01:47]} gxf5 {[%emt 0:00:14]} 25. Rxe8 {[%emt 0:00:49]} Rxe8 {[%emt 0:00:02]} 26. Rxe8 {[%emt 0:01:16]} Qxe8 {[%emt 0:01:01]} 27. Qe2 {[%emt 0:02:32]} (27. Nc4 $14) 27... Qxe2 {[%emt 0:02:18]} 28. Nxe2 {[%emt 0:00:55]} Bxg1 {[%emt 0:02:18]} 29. Kxg1 {[%emt 0:00:09]} Bxd5 {[%emt 0:00:47]} 30. Bxa6 {[%emt 0:00:05]} Bc6 {[%emt 0:00:29]} 31. Bb5 {[%emt 0:01:39]} ({White should play} 31. Nc3 $11) 31... Bxb5 {[%emt 0:00:06]} 32. axb5 {[%emt 0:00:03]} Kf7 $1 {[%emt 0:00:18]} 33. Kf2 {[%emt 0:00:43]} d5 {[%emt 0:00:26]} 34. g4 {[%emt 0:00:45]} Ke6 {[%emt 0:01:15]} 35. Kf3 {[%emt 0:00:15]} ({White should try} 35. Ng3 $15) 35... Nf6 {[%emt 0:00:49]} 36. Ng3 {[%emt 0:00:41]} h5 {[%emt 0:00:33]} 37. gxh5 {[%emt 0:00:30]} Ngxh5 {[%emt 0:00:10]} 38. Ndf1 {[%emt 0:00:05] [#]} (38. Nxh5 $11 {and White stays safe.} Nxh5 39. Nf1) 38... Nxg3 $1 {[%emt 0:00:25]} 39. Nxg3 {[%emt 0:00:03] [#]} Ne4 $1 {[%emt 0:00:09]} 40. Ne2 {[%emt 0:01:19]} d4 {[%emt 0:00:50]} 41. Nc1 {[%emt 0:00:40]} (41. h4 {is the only way for White.}) 41... c4 {[%emt 0:01:02]} 42. Ke2 $2 {[%emt 0:00:30]} (42. h4 Nd6 43. Ne2 Nxb5 44. h5) 42... Kd5 {[%emt 0:00:51]} (42... d3+ $142 43. Kd1 Kd5) 43. h4 {[%emt 0:00:23]} d3+ {[%emt 0:00:28]} 44. Nxd3 {[%emt 0:00:25]} cxd3+ {[%emt 0:00:34]} 45. Kxd3 {[%emt 0:00:04]} Nf2+ {[%emt 0:01:01]} 46. Ke2 {[%emt 0:00:45]} Ng4 {[%emt 0:00:48]} 47. Kd3 {[%emt 0:00:04]} Nf6 {[%emt 0:00:17]} 48. b3 {[%emt 0:00:52]} Nh5 {[%emt 0:00:10]} 49. Ke3 {[%emt 0:00:06]} Kc5 {[%emt 0:00:04]} 50. b4+ {[%emt 0:00:23]} Kc4 {[%emt 0:00:09]} 51. Kf3 {[%emt 0:00:21]} Kxb4 {[%emt 0:00:06]} 52. Ke3 {[%emt 0:00:04]} Kc4 {[%emt 0:00:04] Kd4+} 0-1

[Event "Karnataka State Open-ch 2018"]
[Site "Bengaluru"]
[Date "2018.04.16"]
[Round "5"]
[White "Ramachandra, Bhat"]
[Black "Arvind, Shastry"]
[Result "0-1"]
[WhiteElo "1661"]
[BlackElo "2175"]
[Annotator "ChessBase"]
[PlyCount "104"]
[EventDate "2018.??.??"]
[EventType "swiss"]
[EventCountry "IND"]
[SourceTitle "playchess.com"]
[Source "ChessBase"]
[SourceQuality "1"]
[TimeControl "5400+30"]

1. e4 {[%emt 0:00:00]} c6 {[%emt 0:00:11]} 2. d4 {[%emt 0:00:00]} d5 {[%emt 0:00:05]} 3. exd5 {[%emt 0:00:10]} cxd5 {[%emt 0:00:06]} 4. Bd3 {[%emt 0:00:23]} Nc6 {[%emt 0:00:39]} 5. c3 {[%emt 0:00:29]} Nf6 {[%emt 0:03:20]} 6. Ne2 {[%emt 0:02:29]} Bg4 {[%emt 0:02:46]} 7. f3 {[%emt 0:00:19]} Bh5 {[%emt 0:00:19]} 8. Qb3 {[%emt 0:01:52]} Qd7 {[%emt 0:01:03]} 9. Bg5 {[%emt 0:03:59]} e6 {[%emt 0:01:10]} 10. Nd2 {[%emt 0:01:30]} Bg6 {[%emt 0:00:36]} 11. Bxg6 {[%emt 0:00:51]} hxg6 {[%emt 0:00:18]} 12. O-O-O {[%emt 0:03:02]} O-O-O {[%emt 0:09:14]} 13. Kb1 {[%emt 0:06:08]} Kb8 {[%emt 0:02:22]} 14. h3 {[%emt 0:11:16]} Rc8 {[%emt 0:04:27]} 15. Bf4+ {[%emt 0:07:07]} Bd6 {[%emt 0:04:22]} 16. Bxd6+ {[%emt 0:00:04]} Qxd6 {[%emt 0:00:03]} 17. Nc1 {[%emt 0:01:02]} Nh5 {[%emt 0:08:01]} 18. Nd3 {[%emt 0:03:49]} Nf4 {[%emt 0:00:57]} 19. Nxf4 {[%emt 0:01:03]} Qxf4 {[%emt 0:00:11]} 20. Qb5 {[%emt 0:01:44]} Ka8 {[%emt 0:10:43]} 21. Rhe1 {[%emt 0:03:03]} Qf5+ {[%emt 0:03:25]} 22. Ka1 {[%emt 0:00:19]} Qc2 {[%emt 0:00:54]} 23. Qb3 {[%emt 0:00:09]} Qxb3 {[%emt 0:03:52]} 24. Nxb3 {[%emt 0:02:25]} Kb8 {[%emt 0:02:51]} 25. Kb1 {[%emt 0:00:47]} Kc7 {[%emt 0:00:58]} 26. Nc5 {[%emt 0:01:49]} b6 {[%emt 0:00:05]} 27. Nd3 {[%emt 0:00:11]} Kd6 {[%emt 0:00:09]} 28. Ne5 {[%emt 0:03:58]} Nxe5 {[%emt 0:00:33]} 29. Rxe5 {[%emt 0:00:24]} b5 {[%emt 0:00:59]} 30. a3 {[%emt 0:01:57]} a5 {[%emt 0:10:55]} 31. Kc2 {[%emt 0:12:35]} Rc4 {[%emt 0:02:15]} 32. Re3 {[%emt 0:14:04]} Rhc8 {[%emt 0:01:34]} 33. Rd2 {[%emt 0:02:53]} b4 {[%emt 0:02:25]} 34. axb4 {[%emt 0:00:06]} axb4 {[%emt 0:00:01]} 35. Kb3 {[%emt 0:00:54]} Rb8 {[%emt 0:01:52]} 36. Kc2 {[%emt 0:00:32]} Rbc8 {[%emt 0:02:05]} 37. Kb3 {[%emt 0:00:42]} Ra8 {[%emt 0:00:21]} 38. f4 {[%emt 0:01:51]} bxc3 {[%emt 0:02:20]} 39. Rxc3 {[%emt 0:00:40]} Rxc3+ {[%emt 0:00:46]} 40. Kxc3 {[%emt 0:00:13]} Ra1 {[%emt 0:00:11]} 41. Kd3 {[%emt 0:00:37]} Rf1 {[%emt 0:01:42]} 42. Ke3 {[%emt 0:00:20]} f6 {[%emt 0:02:36]} 43. Rf2 {[%emt 0:03:20]} Rxf2 {[%emt 0:01:30]} 44. Kxf2 {[%emt 0:00:01]} Kc6 {[%emt 0:00:01]} 45. Ke3 {[%emt 0:00:16]} Kb5 {[%emt 0:00:03]} 46. Kd3 {[%emt 0:00:03]} Kb4 {[%emt 0:00:01]} 47. Kc2 {[%emt 0:01:44]} Kc4 {[%emt 0:00:08]} 48. b3+ {[%emt 0:00:26]} Kxd4 {[%emt 0:00:06]} 49. Kd2 {[%emt 0:00:22]} e5 {[%emt 0:00:08]} 50. g3 {[%emt 0:00:57]} e4 {[%emt 0:00:19]} 51. g4 {[%emt 0:00:20]} f5 {[%emt 0:00:05]} 52. g5 {[%emt 0:00:18]} Kc5 {[%emt 0:00:06]} 0-1

[Event "Karnataka State Open-ch 2018"]
[Site "Bengaluru"]
[Date "2018.04.16"]
[Round "5"]
[White "Dilip Kumar Pedda"]
[Black "Balkishan, A."]
[Result "0-1"]
[WhiteElo "1653"]
[BlackElo "2026"]
[Annotator "NA"]
[PlyCount "110"]
[EventDate "2018.??.??"]
[EventType "swiss"]
[EventCountry "IND"]
[SourceTitle "playchess.com"]
[Source "ChessBase"]
[SourceQuality "1"]
[TimeControl "5400+30"]

{[%evp 38,93,0,0,0,-8,0,-23,5,2,2,0,21,0,0,0,10,0,10,0,0,0,0,0,0,0,0,-25,0,0,0,0,0,0,0,0,0,0,0,0,0,0,0,0,0,0,0,-137,-157,-409,-470,32767,-544,-638,-780,-1041,-1082,-956]} 1. d4 {[%emt 0:10:24]} Nf6 {[%emt 0:00:39]} 2. c4 {[%emt 0:00:20]} e6 {[%emt 0:00:06]} 3. Nf3 {[%emt 0:00:05]} Bb4+ {[%emt 0:00:09]} 4. Bd2 {[%emt 0:01:17]} Qe7 {[%emt 0:00:02]} 5. a3 {[%emt 0:00:31]} Bxd2+ {[%emt 0:00:06]} 6. Qxd2 {[%emt 0:00:11]} d6 {[%emt 0:00:41]} 7. Nc3 {[%emt 0:00:26]} O-O {[%emt 0:00:13]} 8. e4 {[%emt 0:00:24]} e5 {[%emt 0:00:11]} 9. d5 {[%emt 0:01:41] E11: Bogo-Indian} a5 {[%emt 0:00:34]} (9... Bg4 10. Be2 c6 11. O-O Bxf3 12. Bxf3 cxd5 13. cxd5 Nbd7 14. b4 Rfc8 15. Rfc1 Rc7 16. Nb5 Rxc1+ 17. Rxc1 {½-½ (28) Alarcia Astiz,C (2331)-Rubio Mejia,L (2443) Madrid 2017}) 10. Bd3 {[%emt 0:01:34]} Na6 {[%emt 0:01:53]} 11. h3 {[%emt 0:00:57]} Nh5 {[%emt 0:00:47]} 12. g4 {[%emt 0:03:10]} Nf4 {[%emt 0:01:45]} 13. Ne2 {[%emt 0:01:57]} Nc5 {[%emt 0:07:33]} 14. Bc2 {[%emt 0:01:43]} Re8 $146 {[%emt 0:03:31]} ({Predecessor:} 14... Nxe2 15. Qxe2 Bd7 16. Nd2 Rab8 {0-1 (49) Ramya,K (2175)-Khutsidze,S (2011) Batumi 2006}) 15. Nxf4 {[%emt 0:07:23]} exf4 {[%emt 0:02:50]} 16. Qxf4 {[%emt 0:00:27]} Qxe4+ {[%emt 0:06:31]} 17. Qxe4 {[%emt 0:01:10]} Nxe4 {[%emt 0:00:04]} 18. O-O {[%emt 0:00:42]} Bd7 {[%emt 0:02:47]} 19. Rae1 {[%emt 0:03:01]} Nc5 {[%emt 0:02:13]} 20. Nd4 {[%emt 0:02:57]} a4 {[%emt 0:02:03]} 21. f3 {[%emt 0:01:19]} g6 {[%emt 0:00:45]} 22. Kf2 {[%emt 0:02:27]} c6 {[%emt 0:05:35]} 23. Rxe8+ {[%emt 0:03:55]} Rxe8 {[%emt 0:00:02]} 24. Re1 {[%emt 0:01:05]} Rc8 {[%emt 0:00:49]} 25. Ne2 {[%emt 0:01:29]} cxd5 {[%emt 0:09:46]} 26. cxd5 {[%emt 0:00:38]} Kf8 {[%emt 0:01:21]} 27. Nc3 {[%emt 0:01:04]} b5 {[%emt 0:01:12]} 28. Ke2 {[%emt 0:10:12]} f5 {[%emt 0:01:37]} 29. gxf5 {[%emt 0:05:32]} gxf5 {[%emt 0:00:34]} 30. Rg1 {[%emt 0:01:13]} Kf7 {[%emt 0:00:11]} 31. Rg5 {[%emt 0:02:21]} Rb8 {[%emt 0:02:55]} 32. Rh5 {[%emt 0:03:02]} ({Don't play} 32. Bxf5 Kf6 $17) 32... Kg6 {[%emt 0:03:08]} 33. Rh4 {[%emt 0:00:14]} h6 {[%emt 0:00:31]} 34. Rb4 {[%emt 0:02:06]} Kg5 {[%emt 0:00:17]} 35. h4+ {[%emt 0:01:38]} Kf6 {[%emt 0:00:03]} 36. Ke3 {[%emt 0:02:12]} Na6 {[%emt 0:01:24]} 37. Rd4 {[%emt 0:00:41]} Re8+ {[%emt 0:00:44]} 38. Kf4 {[%emt 0:01:55]} Re1 {[%emt 0:03:04]} 39. Rd1 {[%emt 0:01:56]} Re8 {[%emt 0:01:44]} 40. Rd4 {[%emt 0:00:30]} Rg8 {[%emt 0:00:19]} 41. Bd3 {[%emt 0:00:58]} Nc7 {[%emt 0:00:09]} 42. Rb4 {[%emt 0:01:39] [#]} (42. Be2 $11) 42... Rg2 $1 {[%emt 0:00:30]} 43. Bxb5 $2 {[%emt 0:01:59]} (43. h5 $17) 43... Bxb5 {[%emt 0:00:30]} 44. Rxb5 {[%emt 0:02:04]} (44. Ke3 $142) 44... Nxb5 {[%emt 0:00:03]} 45. Nxb5 {[%emt 0:00:23]} Rxb2 {[%emt 0:01:21]} 46. Nxd6 {[%emt 0:00:31]} Rb3 {[%emt 0:00:10]} 47. Nxf5 $19 {[%emt 0:01:58]} Rxa3 {[%emt 0:00:07]} 48. Nd4 {[%emt 0:01:37]} Rc3 {[%emt 0:00:44]} 49. d6 {[%emt 0:02:15]} a3 {[%emt 0:00:09]} 50. Ke4 {[%emt 0:03:12]} Rc4 {[%emt 0:00:18]} 51. Kd5 {[%emt 0:01:06]} Rxd4+ {[%emt 0:00:04]} 52. Kxd4 {[%emt 0:00:03]} a2 {[%emt 0:00:07]} 53. Kc5 {[%emt 0:00:17]} a1=Q {[%emt 0:00:04]} 54. Kc6 {[%emt 0:00:14]} Ke6 {[%emt 0:00:03]} 55. Kc7 {[%emt 0:00:24]} Qc3+ {[%emt 0:00:05]} 0-1

[Event "Karnataka State Open-ch 2018"]
[Site "Bengaluru"]
[Date "2018.04.16"]
[Round "5"]
[White "Chirag Mudraje"]
[Black "Likhit, Chilukuri"]
[Result "0-1"]
[WhiteElo "1641"]
[BlackElo "1988"]
[Annotator "NA RC"]
[PlyCount "64"]
[EventDate "2018.??.??"]
[EventType "swiss"]
[EventCountry "IND"]
[SourceTitle "playchess.com"]
[Source "ChessBase"]
[SourceQuality "1"]
[TimeControl "5400+30"]

{[%evp 33,64,-71,-74,-115,-109,-123,-104,-106,-94,-202,-135,-156,-156,-199,0,-450,-451,-795,-825,-771,-925,-826,-956,-975,-938,-1142,-1127,-1188,-1124,-1957,-2997,-2222,-4755]} 1. d4 {[%emt 0:00:00]} d5 {[%emt 0:00:04]} 2. c4 {[%emt 0:00:00]} c6 {[%emt 0:00:04]} 3. Nc3 {[%emt 0:00:00]} Nf6 {[%emt 0:00:06]} 4. Nf3 {[%emt 0:00:01]} dxc4 {[%emt 0:00:06]} 5. e3 {[%emt 0:01:47]} b5 {[%emt 0:00:06]} 6. a4 {[%emt 0:02:56]} b4 {[%emt 0:00:38]} 7. Nb1 {[%emt 0:05:16]} e6 {[%emt 0:01:12]} 8. Bxc4 {[%emt 0:02:15]} Be7 {[%emt 0:01:56]} 9. O-O {[%emt 0:01:06] D15: Slav Defence: 4 Nc3 a6 and gambit lines after 4 Nc3 dxc4} O-O {[%emt 0:00:06]} (9... Ba6 10. Nbd2 Bxc4 11. Nxc4 O-O 12. Qe2 Qd5 13. b3 Nbd7 14. Bb2 c5 15. Rfd1 Qb7 16. Nfe5 Rac8 {1-0 (35) Beliavsky,A (2657)-Banusz,T (2517) Szentgotthard 2010}) 10. Nbd2 {[%emt 0:01:04]} c5 {[%emt 0:00:06]} 11. Nb3 {[%emt 0:16:06]} Nbd7 {[%emt 0:03:15]} 12. Qe2 {[%emt 0:02:43]} Bb7 {[%emt 0:06:03]} 13. Rd1 {[%emt 0:01:07]} a5 $146 {[%emt 0:08:41]} ({Find the theoretical novelty and annotate with similar games:} 13... Qc7 14. dxc5 Nxc5 15. Nfd4 Rac8 16. Bd2 Nce4 {1-0 (51) Del Rio de Angelis,S (2512)-Martin Duque,J (2382) Madrid 2015}) 14. dxc5 {[%emt 0:05:44]} Qc7 {[%emt 0:00:15]} 15. c6 {[%emt 0:03:01]} Qxc6 {[%emt 0:00:37]} 16. Nbd4 {[%emt 0:00:48]} Qb6 {[%emt 0:00:10]} 17. e4 {[%emt 0:05:41]} (17. b3 $11 {remains equal.}) 17... Bxe4 {[%emt 0:08:14]} 18. Be3 {[%emt 0:01:31]} Bc5 {[%emt 0:07:29]} 19. Bb5 {[%emt 0:03:26]} Bd5 {[%emt 0:06:32]} 20. Rac1 {[%emt 0:03:25]} Rfc8 {[%emt 0:00:56]} 21. g4 {[%emt 0:04:33]} (21. h3 $17) 21... Bxf3 {[%emt 0:01:01]} 22. Qxf3 {[%emt 0:02:26]} Ne5 $1 {[%emt 0:00:09]} 23. Qg2 {[%emt 0:01:55]} Nexg4 $2 {[%emt 0:04:14]} (23... Nfxg4 $19 24. Nf5 exf5 25. Bxc5 Qh6) 24. Rxc5 $2 {[%emt 0:15:04]} (24. Nf5 $1 $11 {and White has nothing to worry.} exf5 25. Bxc5) 24... Qxc5 {[%emt 0:00:06]} 25. Nxe6 {[%emt 0:00:32]} (25. Rc1 $142 Qe5 26. Re1) 25... Qc2 {[%emt 0:03:38]} 26. Rc1 {[%emt 0:01:23]} Qxb2 {[%emt 0:00:28]} 27. Rxc8+ {[%emt 0:05:38]} Rxc8 {[%emt 0:00:07]} 28. Qb7 {[%emt 0:04:02]} Qc3 {[%emt 0:02:33]} 29. Bd4 {[%emt 0:07:17]} Qc1+ {[%emt 0:00:27]} 30. Kg2 {[%emt 0:00:58]} fxe6 {[%emt 0:00:10]} 31. Bd7 {[%emt 0:00:14]} Nxd7 {[%emt 0:00:24]} 32. Qxd7 $19 {[%emt 0:00:19]} Qc6+ {[%emt 0:00:04]} 0-1

[Event "Karnataka State Open-ch 2018"]
[Site "Bengaluru"]
[Date "2018.04.16"]
[Round "5"]
[White "Nitish Bhat"]
[Black "Kishan, Gangolli"]
[Result "1/2-1/2"]
[WhiteElo "1637"]
[BlackElo "1974"]
[Annotator "NA"]
[PlyCount "57"]
[EventDate "2018.??.??"]
[EventType "swiss"]
[EventCountry "IND"]
[SourceTitle "playchess.com"]
[Source "ChessBase"]
[SourceQuality "1"]
[TimeControl "5400+30"]

1. d4 Nf6 2. c4 e6 3. Nf3 Bb4+ 4. Bd2 Qe7 5. Nc3 b6 6. e3 Bb7 7. Bd3 O-O 8. O-O d6 9. a3 Bxc3 10. Bxc3 Nbd7 11. Bc2 Ne4 12. Bxe4 $11 Bxe4 13. Nd2 Bb7 14. e4 e5 15. d5 f5 16. exf5 Rxf5 17. Ne4 Qh4 18. f3 Rh5 19. h3 Rf5 20. Be1 Qe7 21. Qc2 Qf7 22. Bd2 Qg6 23. Rf2 Raf8 24. Kh2 Nc5 25. Ng3 R5f6 26. Qxg6 Rxg6 27. Be3 Nb3 28. Rd1 a5 29. Ne4 1/2-1/2